Chevrolet Models In NASCAR Since 1975 - Statistics

General Stats
  • This quiz has been taken 68 times
  • The average score is 4 of 6
Answer Stats
Answer % Correct
Camaro
96%
Impala
88%
Monte Carlo
79%
SS
63%
Chevelle
62%
Lumina
52%
No matching quizzes found
Score Distribution
Percent of People with Each Score
Percentile by Number Answered
Your Score History
You have not taken this quiz